[Event "NOR-chT Clubs"]
[Site "Oslo"]
[Date "2008.05.04"]
[Round "6"]
[White "Hagen, Halvor"]
[Black "Loberg, Jo Kristian"]
[Result "0-1"]
[WhiteElo "1101"]
[BlackElo "1641"]
[PlyCount "77"]
[EventDate "2008.05.01"]
[EventType "team-swiss"]
[EventRounds "6"]
[EventCountry "NOR"]
[SourceTitle "EXT 2010"]
[Source "ChessBase"]
[SourceDate "2010.11.25"]
[SourceVersion "1"]
[SourceVersionDate "2010.11.25"]
[SourceQuality "1"]

1. d4 Nf6 2. c4 g6 3. Nc3 Bg7 4. Nf3 0-0 5. e4 d6 6. Be2 e5 7. 0-0 Nc6 8. d5 Ne7 9. Ne1 Ne8 10. Nd3 f5 11. f4 exf4 12. Nxf4 Nf6 13. exf5 Nxf5 14. Ne6 Bxe6 15. dxe6 c6 16. b4 Qb6+ 17. c5 Qxb4 18. Qb3 Qxb3 19. axb3 Rfe8 20. cxd6 Nxd6 21. Ba3 Rxe6 22. Rad1 Nf7 23. Bc4 Re3 24. Ne2 b5 25. Bc1 Ree8 26. Bd3 Rad8 27. Ng3 Ne5 28. Bc2 a5 29. h3 Nf7 30. Bb2 Rxd1 31. Bxd1 Nd5 32. Bc1 Nc3 33. Bf3 Ne5 34. Bd1 Nxd1 35. Rxd1 Nf7 36. Kf2 Rd8 37. Re1 Kf8 38. Be3 Rd3 39. Bc5+ 0-1